blackbear Charting Songs (Billboard Hot Rock) - Statistics

General Stats
  • This quiz has been taken 15 times
    4 since last reset
  • The average score is 6 of 10
Answer Stats
Album Weeks On Peak Artist(s) Song % Correct
Non-Album Single 7 Weeks #12 blackbear & Machine Gun Kelly gfy
100%
Ticket to My Downfall 55 Weeks #2 Machine Gun Kelly x Blackbear my ex's best friend
100%
Serotonin Dreams 20 Weeks #11 BoyWithUke & blackbear IDGAF
75%
Love Sux 16 Weeks #15 Avril Lavigne ft. blackbear Love It When You Hate Me
75%
Mainstream Sellout 20 Weeks #5 Machine Gun Kelly ft. blackbear make up sex
75%
Wake Up, Sunshine 52 Weeks #6 All Time Low ft. blackbear Monsters
75%
Non-Album Single 14 Weeks #3 Marshmello, YUNGBLUD & blackbear Tongue Tied
75%
Neon Shark vs Pegasus 3 Weeks #13 Trippie Redd & Travis Barker ft. Machine Gun Kelly & blackbear Pill Breaker
50%
in loving memory 2 Weeks #33 blackbear the idea
0%
Non-Album Single 1 Week #46 blackbear & The Used toxic memory
0%
No matching quizzes found
Score Distribution
Percent of People with Each Score
Percentile by Number Answered
Your Score History
You have not taken this quiz since the last reset